000 00615nam a2200181Ia 4500
008 100921s9999 xx 000 0 und d
082 _b40517
_a891.463 न 05
100 _aआचार्य नयना.
245 _aचोरावर मोर.
260 _bपार्टनर प्रकाशन, मुंबई.
_c2005
300 _a142
_bकलाभारती वितरण,पुणे
365 _b140
520 _aललित-कथा.
630 _aचोरावर मोर.
650 _aललित-कथा.
730 _aचोरावर मोर.
942 _cBOOK
999 _c789630
_d789627